00692cam a22002537a 4500003000500000005001700005008004100022010001000063011001000073020001500083035001000098040000900108082001200117110000800129245004300137260002300180300001900203490004900222490004100271650001800312700001800330830004900348830004100397CHAP20220817043108.0971010s1974 it a r 00010 spa d a65514 a66486 a9253000813 a74694 cCHAP10a627bF32 aFAO13aEl riego superficialc/por L.J. Booher aRoma :bFAO,c1974 a162 p. :bilus 0aFAO. Cuadernos de fomento agropecuariov; 95 0aFAO. Fomento de tierras y aguasv; 314aIrrigación.0 aBooher, L. J.0 aFAO. Cuadernos de fomento agropecuariov; 950 aFAO. Fomento de tierras y aguasv; 3